000 01689nam a2200373 i 4500
003 DO-SdBNP
005 20251217100942.0
007 ta
008 210716b2018 dr aoe|fr|||| 00| 0 spa d
020 _a9789945916409
040 _aDO-SdBNP
_bspa
_cBNPHU
_erda
041 _aspa
082 4 _a972.93
_bR173a
_222
100 1 _aRamírez González, Ildefonso
_eautor
_979266
_4aut.
245 1 0 _aArqueología del agua en Santo Domingo :
_bprograma fomento al turismo ciudad Colonial de Santo Domingo /
_cIldefonso Ramírez González ; prólogo, Julio Navarro Polazón ; fotografías, Francisco Monosalvas y Facundo Pezzi ; coordinadoras, Maribel Villalona, Carmen Ortega.
264 4 _aSanto Domingo :
_bMinisterio de Turismo,
_bBanco Interamericano de Desarrollo,
_c©2019
300 _a123 páginas :
_bilustraciones planos, fotogrias ;
_c28 cm.
336 _atexto
_btxt
_2rdacontent
337 _asin mediación
_bn
_2rdamedia
338 _avolumen
_bnc
_2rdacarrier
504 _aBibliografía: páginas 118 -123
590 _aInventariado 2021 / MF
650 4 _920280
_aArqueología sub-acuática
_zRepública Dominicana
650 4 _951516
_aIngeniería Hidráulica
_zRepública Dominicana
650 4 _950370
_aExcavaciones Subterráneas
700 1 _aNavarro Polazón, Julio,
_eprologuista
_981353
_4pr.
700 1 _aMonosalvas, Francisco,
_efotografia
_979267
700 1 _aPezzi, Facundo,
_efotogria
_979268
700 1 _aVillalona Núñez, Maribel
_eedición
_912415
700 1 _aOrtega González, Carmen
_eedición
_934366
710 2 _aPrograma Fomento al Turismo Ciudad Colonial de Santo Domingo.
_981354
910 _aMF. Validado control de calidad/MAA
942 _2ddc
_cLBS1
999 _c50130
_d50130